CQI estimation over the dowlink of OFDMA / (Record no. 183820)

000 -LEADER
fixed length control field 00495 a2200169 4500
003 - CONTROL NUMBER IDENTIFIER
control field NUST
005 - DATE AND TIME OF LATEST TRANSACTION
control field 20251022112356.0
040 ## - CATALOGING SOURCE
Transcribing agency Nust
082 ## - DEWEY DECIMAL CLASSIFICATION NUMBER
Classification number 621.382,GUL
100 ## - MAIN ENTRY--PERSONAL NAME
Personal name Gulzar, CQMS Hassan (TE-41)
9 (RLIN) 131393
245 ## - TITLE STATEMENT
Title CQI estimation over the dowlink of OFDMA /
Statement of responsibility, etc. CQMS Hassan Gulzar, GC Nawab Taimur Ahmed, GC Hassan Masood, GC Syed Umair Ahmed (TE-41)
260 ## - PUBLICATION, DISTRIBUTION, ETC.
Name of publisher, distributor, etc. MCS
Date of publication, distribution, etc. 2008
300 ## - PHYSICAL DESCRIPTION
Extent 62 p.;
650 ## - SUBJECT ADDED ENTRY--TOPICAL TERM
Topical term or geographic name entry element UG Projects
9 (RLIN) 98716
651 ## - SUBJECT ADDED ENTRY--GEOGRAPHIC NAME
Geographic name TE-41
9 (RLIN) 131394
942 ## - ADDED ENTRY ELEMENTS (KOHA)
Koha item type Project Report
Source of classification or shelving scheme
Holdings
Withdrawn status Lost status Source of classification or shelving scheme Damaged status Not for loan Permanent Location Current Location Shelving location Date acquired Full call number Barcode Date last seen Price effective from Koha item type Public note
          Military College of Signals (MCS) Military College of Signals (MCS) Reference 12/12/2016 621.382,GUL MCSPTE-154 12/08/2016 12/12/2016 Project Report Almirah No.90, Shelf No.3
© 2023 Central Library, National University of Sciences and Technology. All Rights Reserved.